Statistiques concernant Titres de chanson française dans une lettre

Cliquez ici pour prendre le quiz!

Statistiques générales

  • Ce quiz a été pris 104 fois
  • Le résultat moyen est 12 sur 20

Statistiques - réponses

Réponse% Correct
Édith Piaf
89%
M. Farmer
88%
D. Balavoine
87%
F. Cabrel
83%
Renaud
82%
V. Paradis
74%
Téléphone
73%
P. Bruel
72%
M. Berger
63%
Sinsemilia
60%
W. Sheller
60%
D. Guichard
55%
S. Paturel
55%
V. Sanson
53%
C. Maé
48%
H. Léonard
36%
L. Voulzy
36%
Orelsan
33%
C. Aznavour
27%
Jean Ferrat
3%

Distribution des résultats

Percentile par nombre de réponses

% des personnes avec chaque résultat

Votre développement - résultats

Vous n’avez pas pris ce quiz